• 首页
  • 本馆介绍
  • 公告通知
  • 最新文献
  • 馆藏检索
  • 电子资源
  • 读者导购
  • 参考咨询
  • 我的图书馆
  • 登录
  • 详细信息显示
  • 放入我的书架
  • 预约/预借图书
  • 作者相关作品
  • 分类相关作品
  • 丛书相关作品
  • 出版社相关作品

书目信息

  • 表格格式
  • 工作单格式
  • 卡片格式
题名:
音乐教学论
    
 
作者: 尹红 编著
分册:  
出版信息: 重庆   西南师范大学出版社  2020.05
页数: 206页
开本: 26cm
丛书名: 21世纪高师音乐系列教材
单 册:
中图分类: J6-42
科图分类:
主题词: 音乐--Yin Yue--教学理论--师范大学--教材 , 音乐--Yin Yue--教学法--中小学--教材
电子资源:
ISBN: 978-7-5621-2642-3
000 00858nam 2200277 450
001 012001001252
005 20221207153203.75
010    @a978-7-5621-2642-3@dCNY39.00
099    @aCAL 012009040658
100    @a20220905d2007 em y0chiy50 ea
101 0  @achi
102    @aCN@b510000
105    @agk z 000yy
106    @ar
200 1  @a音乐教学论@Ayin yue jiao xue lun@f尹红编著
205    @a第2版@b修订版
210    @a重庆@c西南师范大学出版社@d2020.05
215    @a206页@c乐谱@d26cm
225 2  @a21世纪高师音乐系列教材@A21 Shi Ji Gao Shi Yin Yue Xi Lie Jiao Cai
410  0 @12001@@a21世纪高师音乐系列教材
606 0  @a音乐@AYin Yue@x教学理论@x师范大学@j教材
606 0  @a音乐@AYin Yue@x教学法@x中小学@j教材
690    @aJ6-42@v4
701  0 @a尹红@Ayin hong@4编著
801  0 @aCN@bAHXH@c20221111
905    @b1365976-80@dJ6-42@e1453=2@f5
    
    音乐教学论/尹红编著.-第2版,修订版.-重庆:西南师范大学出版社,2020.05
    206页:乐谱;26cm.-(21世纪高师音乐系列教材)
    
    
    ISBN 978-7-5621-2642-3:CNY39.00
    
●
相关链接 在E读中查询图书 在五车中查询图书 在当当中查询图书 在豆瓣中查询图书


正题名:音乐教学论     索取号:J6-42/1453=2         预约/预借

序号 登录号 条形码 馆藏地/架位号 状态 备注
1 1365976   213659762   第一样本阅览室/ [索取号:J6-42/1453=2] 在馆    
2 1365977   213659771   教育系资料室/ [索取号:J6-42/1453=2] 在馆    
3 1365978   213659780   教育系资料室/ [索取号:J6-42/1453=2] 在馆    
4 1365979   213659799   第一借阅区/ [索取号:J6-42/1453=2] 在馆    
5 1365980   213659806   第一借阅区/ [索取号:J6-42/1453=2] 在馆    
唐山师范学院图书馆 欢迎您!
大连网信软件有限公司© 版权所有